| 000 | 00000nam##2200000za#4500 |
| 001 | 9.682527 |
| 003 | CaOODSP |
| 005 | 20210615132952 |
| 007 | ta |
| 008 | 150407|2004||||xxc||||| f|0| 0 fre|d |
| 020 | |a0-662-76952-X |
| 040 | |aCaOODSP|bfre |
| 043 | |an-cn--- |
| 086 | 1 |aEn49-16/5-2002F |
| 110 | 1 |aCanada.|bEnvironnement Canada. |bInventaire national des rejets de polluants. |
| 245 | 10|aCompte rendu national – Inventaire national des rejets de polluants, 2002 : |btransferts hors site pour recyclage et récupération d'énergie |
| 260 | |aOttawa - Ontario : |bEnvironnement Canada. |c[2004]. |
| 300 | |a16p. : |bgraphiques, références, tableaux ; |c28 cm. |
| 500 | |a«Loi canadienne sur la protection de l'environnement (1999).» |
| 520 | 3 |aL’Inventaire national des rejets de polluants est un inventaire légiféré des rejets de polluants dans l’environnement. En 2002, 1 012 propriétaires d’installations ont fourni des données sur les transferts hors site de polluants pour recyclage et récupération d’énergie dont le volume total s’élevait à 1 235 000 tonnes. Ce rapport décrit en détail les types d’activités de recyclage et de récupération d’énergie; les polluants transférés hors site en plus grandes quantités; et les secteurs industriels ayant transféré hors site les plus grandes quantités de polluants. |
| 563 | |aCouverture souple |
| 590 | |a05-08|b2005-02-25 |
| 691 | 07|aPolluant|2gcpds |
| 775 | 08|tNational overview – National Pollutant Release Inventory, 2002 : |w(CaOODSP)9.649320 |
| 776 | 0#|tCompte rendu national – Inventaire national des rejets de polluants, 2002 |w(CaOODSP)9.631795 |